Fundraising as a form of financing of non-profit organizations
Neziskové organizácie - definície, výklad pojmu. Postavenie neziskoviek. Neziskový sektor. Formy a štruktúra financovania neziskoviek. Fundraising ako vybraná forma financovania. Situácia v Česku a na Slovensku.
Na minha lista:
| Autor principal: | |
|---|---|
| Outros Autores: | |
| Formato: | Capítulo de Livro |
| Idioma: | inglês |
| Assuntos: | |
| Tags: |
Sem tags, seja o primeiro a adicionar uma tag!
|
MARC
| LEADER | 00000nla a2200000 4500 | ||
|---|---|---|---|
| 001 | 0225163 | ||
| 005 | 20240524072520.5 | ||
| 041 | 0 | |a eng | |
| 044 | |a CZ | ||
| 245 | 1 | 0 | |a Fundraising as a form of financing of non-profit organizations |c Adam Bartoš, Monika Jančovičová |
| 520 | |a Neziskové organizácie - definície, výklad pojmu. Postavenie neziskoviek. Neziskový sektor. Formy a štruktúra financovania neziskoviek. Fundraising ako vybraná forma financovania. Situácia v Česku a na Slovensku. | ||
| 610 | 2 | 0 | |a organizácie neziskové |
| 610 | 2 | 0 | |a pojmy |
| 610 | 2 | 0 | |a definície |
| 610 | 2 | 0 | |a financovanie |
| 610 | 2 | 0 | |a fundraising |
| 100 | 1 | |a Bartoš, Adam | |
| 700 | 1 | |a Jančovičová, Monika, 1991- | |